Tax Administration Reform in China : Achievements, Challenges, and Reform Priorities /

Tax administration improvements have contributed significantly to a doubling of China's tax-to-GDP ratio and the substantial reduction in taxpayers' compliance costs since the mid-1990s. This paper describes the key features of China's tax administration and their evolution over the l...

תיאור מלא

מידע ביבליוגרפי
מחבר ראשי: Brondolo, John
מחברים אחרים: Zhang, Zhiyong
פורמט: כתב-עת
שפה:English
יצא לאור: Washington, D.C. : International Monetary Fund, 2016.
סדרה:IMF Working Papers; Working Paper ; No. 2016/068
גישה מקוונת:Full text available on IMF
LEADER 01608cas a2200253 a 4500
001 AALejournalIMF016708
008 230101c9999 xx r poo 0 0eng d
020 |c 5.00 USD 
020 |z 9781475523614 
022 |a 1018-5941 
040 |a BD-DhAAL  |c BD-DhAAL 
100 1 |a Brondolo, John. 
245 1 0 |a Tax Administration Reform in China :   |b Achievements, Challenges, and Reform Priorities /  |c John Brondolo, Zhiyong Zhang. 
264 1 |a Washington, D.C. :  |b International Monetary Fund,  |c 2016. 
300 |a 1 online resource (67 pages) 
490 1 |a IMF Working Papers 
500 |a <strong>Off-Campus Access:</strong> No User ID or Password Required 
500 |a <strong>On-Campus Access:</strong> No User ID or Password Required 
506 |a Electronic access restricted to authorized BRAC University faculty, staff and students 
520 3 |a Tax administration improvements have contributed significantly to a doubling of China's tax-to-GDP ratio and the substantial reduction in taxpayers' compliance costs since the mid-1990s. This paper describes the key features of China's tax administration and their evolution over the last 20 years. It also identifes emerging challenges to the tax system and areas where further tax administration improvements are needed to sustain tax revenue and reduce taxpayers' compliance costs in the future. 
538 |a Mode of access: Internet 
700 1 |a Zhang, Zhiyong. 
830 0 |a IMF Working Papers; Working Paper ;  |v No. 2016/068 
856 4 0 |z Full text available on IMF  |u http://elibrary.imf.org/view/journals/001/2016/068/001.2016.issue-068-en.xml  |z IMF e-Library